| 000 | 00936cab a2200289 4500 | ||
|---|---|---|---|
| 001 | ABS59758 | ||
| 008 | 090401t1998 xxu||||| |||| 00| 0 eng d | ||
| 035 | _a(Sirsi) u90206 | ||
| 041 | _aeng | ||
| 100 | _aHosie, J. | ||
| 245 | _aFloat principle | ||
| 260 | _c1998 | ||
| 350 | _a0 | ||
| 490 |
_aHouse Builder _vDecember 1998, 21(1) |
||
| 520 | _aDiscussion of the issue of "float" in a construction programme and the law surrounding it, when disputes arise between employer and contractor over who owns the "float". | ||
| 650 | _aBS 4335 | ||
| 650 | _aCOMPLETION DATES | ||
| 650 | _aCONSTRUCTION PLANNING | ||
| 650 | _aCONSTRUCTION PROGRAMMES | ||
| 650 | _aDELAYS | ||
| 650 | _aFLOAT | ||
| 650 | _aGLENLION CONSTRUCTION LTD V THE GUINNESS TRUST | ||
| 650 | _aMARTIN GRANT AND CO LTD V SIR LINDSAY PARKINSON AND CO LTD | ||
| 690 | _aBUILT ENVIRONMENT-BUILDING CONTRACT FORMS | ||
| 942 | _n0 | ||
| 948 | _c09/12/1998 | ||
| 999 |
_c57156 _d57156 |
||